000 01036pam a2200289 a 4500
001 52231
003 BD-RjUL
005 20211209075754.0
008 160907s1984 caua b 001 0 eng
020 _a0803923147
020 _a0803923155 (pbk.)
035 _a(BD-RjUL)52351
040 _aDLC
_cDLC
_dDLC
_dBD-RjUL
_beng
041 _aeng
082 0 0 _223
_a338.973
_bCAP 1984
100 1 _aCatanese, Anthony James
_9156240
245 1 4 _aThe politics of planning and development /
_cAnthony James Catanese
260 _aBeverly Hills :
_bSage Publications,
_cc1984
300 _a231 p. :
_bill. ;
_c23 cm.
504 _aIncludes Bibliography and index.
650 0 _aRegional planning
_zUnited States
_xCitizen participation.
_9156241
650 0 _aEconomic development and growth
_zUnited States
_9156242
650 0 _aCity planning
_zUnited States
_xCitizen participation.
_9156243
830 _aSage library of social research ;
_vv. 156
_9131440
942 _2ddc
_cBK
999 _c52231
_d52231